Bases educativas de la actividad física y el deporte / (Record no. 90481)
[ view plain ]
| 000 -CABECERA | |
|---|---|
| campo de control de longitud fija | 00861nam a2200241 a 4500 |
| 005 - FECHA Y HORA DE LA ÚLTIMA TRANSACCIÓN | |
| campo de control | 20210223124638.0 |
| 008 - ELEMENTOS DE LONGITUD FIJA--INFORMACIÓN GENERAL | |
| campo de control de longitud fija | 020712s2001 es r 000 0 spa d |
| 020 ## - NÚMERO INTERNACIONAL NORMALIZADO PARA LIBROS | |
| Número Internacional Estándar del Libro | 8477388873 |
| 035 ## - NÚMERO DE CONTROL DEL SISTEMA | |
| Número de control de sistema | UPN01000118091 |
| 049 ## - COLECCIÓN | |
| Colección | CG |
| 050 #4 - SIGNATURA TOPOGRÁFICA DE LA BIBLIOTECA DEL CONGRESO | |
| Número de clasificación | GV363 |
| Número de documento/Ítem | B3.7 |
| 245 00 - MENCIÓN DE TÍTULO | |
| Título | Bases educativas de la actividad física y el deporte / |
| Mención de responsabilidad, etc. | coord . Benilde Vázquez Gómez ; Oleguer Camerino Foguet ... [et al.]. |
| 260 ## - PUBLICACIÓN, DISTRIBUCIÓN, ETC. | |
| Lugar de publicación, distribución, etc. | Madrid. : |
| Nombre del editor, distribuidor, etc. | Síntesis, |
| Fecha de publicación, distribución, etc. | 2001. |
| 300 ## - DESCRIPCIÓN FÍSICA | |
| Extensión | 398 p. |
| 440 #0 - MENCIÓN DE SERIE/ASIENTO SECUNDARIO--TÍTULO | |
| Título | Enseñanza y bases educativas ; |
| Designación de volumen o secuencia | 1 |
| 590 ## - NOTA LOCAL (RLIN) | |
| Nota local | (También localizas un ejemplar en el "Area de Reserva") |
| 590 ## - NOTA LOCAL (RLIN) | |
| Nota local | Bibliografía Básica (BGTQ) |
| 650 #4 - ASIENTO SECUNDARIO DE MATERIA - TERMINO TEMATICO | |
| Término de materia o nombre geográfico como elemento de entrada | EDUCACION FISICA - |
| Subdivisión general | ESTUDIO Y ENSEÑANZA - |
| Subdivisión geográfica | ESPAÑA |
| 9 (RLIN) | 17135 |
| 650 #4 - ASIENTO SECUNDARIO DE MATERIA - TERMINO TEMATICO | |
| Término de materia o nombre geográfico como elemento de entrada | RECREACION AL AIRE LIBRE |
| 700 1# - ASIENTO SECUNDARIO--NOMBRE DE PERSONAL | |
| Nombre de persona | Camerino Foguet, Oleguer, |
| Término indicativo de función/relación | coaut. |
| 700 1# - ASIENTO SECUNDARIO--NOMBRE DE PERSONAL | |
| Nombre de persona | Vázquez Gómez, Benilde, |
| Término indicativo de función/relación | comp. |
| 905 ## - TIPO DE MATERIAL | |
| Tipo de material | Libro |
| Estado de retiro | Estado de pérdida | Fuente del sistema de clasificación o colocación | Estado dañado | No para préstamo | Código de colección | Localización permanente | Ubicación/localización actual | Ubicación en estantería | Total de préstamos | Clasificación | Código de barras | Fecha visto por última vez | Número de copia | Tipo de ítem Koha | Restricciones de uso | Fecha de adquisición |
|---|---|---|---|---|---|---|---|---|---|---|---|---|---|---|---|---|
| Library of Congress Classification | Colección General | Bib. Gregorio Torres Quintero | Bib. Gregorio Torres Quintero | Planta baja | 10 | GV363 B3.7 | 271701 | 31/12/2020 | 1 | Libro | ||||||
| Library of Congress Classification | Colección General | Bib. Gregorio Torres Quintero | Bib. Gregorio Torres Quintero | Planta baja | 15 | GV363 B3.7 | 213955 | 31/12/2020 | 1 | Libro | ||||||
| Library of Congress Classification | Colección General | Bib. Gregorio Torres Quintero | Bib. Gregorio Torres Quintero | Planta baja | 10 | GV363 B3.7 | 213954 | 31/12/2020 | 1 | Libro | ||||||
| Library of Congress Classification | Bibliografía básica | Bib. Gregorio Torres Quintero | Bib. Gregorio Torres Quintero | Colecciones especiales Planta alta | 2 | GV363 B3.7 | 197166 | 31/12/2020 | 1 | Libro por horas | Préstamo por horas | 30/01/2023 |
